[Event "Munich SKA"]
[Site "Munich"]
[Date "1994.05.30"]
[Round "8"]
[White "Huebner, Robert"]
[Black "Hertneck, Gerald"]
[Result "1-0"]
[WhiteElo "2610"]
[BlackElo "2615"]
[Annotator "Hertneck,G"]
[PlyCount "45"]
[EventDate "1994.05.21"]
[EventType "tourn"]
[EventRounds "11"]
[EventCountry "GER"]
[EventCategory "16"]
[SourceTitle "CBM 042"]
[Source "ChessBase"]
[SourceDate "1994.10.01"]
[SourceVersion "1"]
[SourceVersionDate "1994.10.01"]
[SourceQuality "1"]

{CBM 43} 1. Nf3 d5 2. d4 Nf6 3. c4 c6 4. Nc3 dxc4 5. a4 Bf5 6. e3 e6 7. Bxc4
Bb4 8. O-O Nbd7 9. Qe2 Bg6 10. e4 Bxc3 11. bxc3 Nxe4 12. Ba3 Qc7 13. Rfe1 c5
$146 {Other moves are playable as well, but I prefer to close the diagonal of
the dangerous Ba3.} 14. d5 (14. dxc5 Nexc5 (14... O-O 15. c6 Ndc5 16. cxb7 Qxb7
$13) (14... a6 $5) 15. Bb5 O-O-O 16. Qe3 $44) (14. Bb5 Nxc3 (14... O-O-O 15.
Bxd7+ Rxd7 16. Ne5 Nxc3 17. Qf3 cxd4 18. Nxd7 Qxd7 19. Bc5 $13) 15. Bxd7+ (15.
Qe5 Nxb5 16. Qxg7 O-O-O 17. axb5 Rhg8 18. Qh6 c4 $13) 15... Qxd7 16. Qc4 cxd4 (
16... Nxa4 17. dxc5 $44 (17. Ne5 b5 $1)) 17. Ne5 $1 b5 (17... Qd5 $2 18. Qc7
Qd8 19. Qxb7 Rc8 20. Bd6 $1 $40) (17... Rc8 $2 18. Qb4 a5 19. Qxa5 Qc7 (19...
Qxa4 20. Qb6 Qb5 21. Qxd4 Nd5) 20. Qb4 d3 21. Nc4 $1 $40) 18. Qc5 (18. Qb4 a5
19. Qc5 Nxa4) 18... Nxa4 19. Nxd7 Nxc5 20. Nxc5 O-O $13) 14... e5 $6 (14...
O-O-O 15. dxe6 fxe6 16. Bxe6 (16. Nh4 Nxc3) 16... Rhe8 17. Qc4 $13) 15. Bd3
Nxc3 $2 (15... Nef6 16. Nxe5 O-O-O 17. Nxd7 Rxd7 18. c4 Re8 19. Qd2 Rxe1+ 20.
Rxe1 Bxd3 21. Qxd3 $14 {Huebner,R}) (15... f5 $2 16. Bxe4 fxe4 17. Ng5 $16) (
15... Nd6 $6 16. Nxe5 O-O-O 17. Nxg6 hxg6 18. h3 c4 19. Bxd6 Qxd6 20. Bxc4 Nb6
21. Bb3 Nxd5 22. Qf3 $16 {Huebner,R}) 16. Qd2 Bxd3 {DIAGRAMM} (16... Nxa4 17.
Bb5 Nab6 18. Rxe5+ $40) 17. Qxd3 $2 {Huebner} (17. Qxc3 Bf5 {>= Huebner} (17...
Bg6 18. d6 $1 {Calvo,R Hiernach ist keine Rettung für Schwarz zu sehen. Huebner
} (18. Nxe5 O-O 19. Nxd7 Qxd7 20. Qxc5 {von Hertneck nach der Partie
vorgeschlagen. Weiß hat leichten Vorteil, aber zum Gewinn der Partie dürfte er
nicht reichen. Huebner}) 18... Qxd6 (18... Qd8 19. Rxe5+ Nxe5 (19... Kf8 20.
Re7) 20. Qxe5+ Kf8 21. Bxc5 Qd7 (21... Kg8 22. Qd5) 22. Qf4 {Schwarz kann die
Drohung 23.Sg5 nicht auf befriedigende Weise abwehren, der weiße d-Bauer wird
den Tag entscheiden. Huebner}) (18... Qc8 19. Rxe5+ Nxe5 20. Qxe5+ Qe6 21. d7+
Kxd7 22. Rd1+ Kc8 (22... Ke8 23. Qxg7 Rf8 24. Bxc5) 23. Qxc5+ Kb8 24. Rc1 a5
25. Qc7+ Ka7 26. Nd4 $18 {Huebner}) 19. Rad1 Qc7 20. Rxd7 (20. Nxe5 $143 O-O-O
{Huebner}) 20... Kxd7 (20... Qxd7 $2 21. Nxe5 {Huebner}) 21. Nxe5+ Kd8 (21...
Kc8 22. Qh3+ {DIAGRAMM} Kd8 (22... f5 23. Nxg6 {Dies ist hoffnungslos für
Schwarz. Huebner}) (22... Kb8 23. Nd7+ Kc8 24. Nf8+ Kd8 25. Qh4+ f6 26. Ne6+ {
Huebner}) 23. Bxc5 $18 Re8 {Huebner} (23... Rc8 24. Qh4+ f6 25. Qd4+) 24. Rd1+
{Huebner}) 22. Rd1+ Ke8 23. Bxc5 Bf5 24. Qc4 $1 a6 25. a5 $18) (17... c4 18.
Nxe5 {Schwarz kann nicht überleben. Huebner}) 18. d6 {DIAGRAMM Hier wiederum
das Richtige. Huebner} (18. Nxe5 O-O 19. Nxd7 Bxd7 $10 {Huebner}) (18. Nd4 $1
Bg6 19. Nb5 Qb6 (19... Qb8 20. Bxc5 Nxc5 21. Qxc5 Kd7 22. d6 f6 23. Nc7 $18)
20. Rxe5+ Nxe5 21. Bxc5 (21. Qxe5+ Kd7 {Die lage entbehrt der für Weiß
wünschenswerten Deutlichkeit. Huebner}) 21... Qf6 22. Re1 (22. Bd4 O-O 23. Bxe5
Qf5 24. Bxg7 Rfc8 $13 {Huebner}) 22... Kd7 23. Rxe5 $40 Rhe8 {Huebner} 24. Qh3+
(24. Bd4 Rac8) (24. f4 Qxf4) 24... Bf5 {Die Stellung ist nicht so deutlich wie
Weiß hoffen würde. Huebner}) 18... Qd8 {Der beste Versuch!} (18... Qc8 19.
Rxe5+ Nxe5 (19... Be6 $2 20. Rxe6+ fxe6 21. Qxg7) 20. Qxe5+ Be6 (20... Qe6 21.
d7+ $18) 21. Qxg7 Rf8 (21... Kd7 22. Rd1 {/\23.Se5}) 22. Ne5 {Schwarz kann
nicht überleben.}) (18... Qxd6 19. Rad1 Qf6 {DIAGRAMM} (19... Qc7 20. Nxe5
O-O-O (20... Nxe5 21. Rxe5+ Be6 22. Rxc5 {/\23.Tc7 +-}) (20... O-O 21. Nxd7
Bxd7 22. Re7 Rad8 23. Qd2 Rfe8 24. Qxd7 $18) 21. Nxf7 $18) 20. Nxe5 $2 (20.
Rxd7 Bxd7 21. Rxe5+ Kf8 (21... Be6 22. Bxc5) 22. Qxc5+ Kg8 {Weiß hat
Schwierigkeiten, seinen Angriff zu verstärken.}) (20. Bxc5 Rc8 (20... Nxc5 21.
Qxc5 Qe7 22. Rxe5 Be6 23. Qb5+ Kf8 24. Ng5 {Die schwarze Stellung gleicht
einem Misthaufen.}) 21. Nxe5 Nxe5 (21... Nxc5 $2 22. Nd7+) 22. Rxe5+ Be6 23.
Qd4 Rd8 24. Bd6 {Schwarz kann seinen König nicht in Sicherheit bringen und muß
auf die Dauer zugrunde gehen.}) 20... O-O) 19. Nxe5 (19. Rxe5+ Be6 (19... Nxe5
20. Qxe5+ Be6 21. Qxg7 Rf8 22. Bxc5 {Hoffnungslos für Schwarz.}) 20. Rg5 (20.
Rxe6+ fxe6 21. Qxg7 Qf6) 20... Qf6 21. Qc1 (21. Bb2 Qxc3 22. Bxc3 Rg8 {Diese
Zugfolge ist nicht schreckerregend für Schwarz, der zur langen Rochade kommt.})
21... Qh6 22. Qb2 O-O 23. Qxb7 {Weiß steht besser, aber Schwarz kann
weiterkämpfen.}) 19... O-O 20. Nxd7 Qxd7 21. Bb2 f6 22. Qxc5 Be6 23. h3 {
DIAGRAMM  Ganz einfach ist die Lage für Schwarz nicht. Huebner}) 17... Nxa4 {
Es ist nicht deutlich, wer besser steht. Huebner} 18. d6 (18. Qb5 Nab6 (18...
Nc3 19. Qb3 {Der Springer wird gefangen. Huebner}) 19. Rxe5+ Kf8 $13 20. d6 {
Huebner} (20. Rf5 {Huebner} g6 21. Rg5 (21. Qb2 $2 Kg8 {/\22... gf, 22...Sc4})
21... h6 {Schwarz steht besser.} 22. d6 (22. Rg4 Nxd5) 22... Qc6 23. Qb2 Kg8
24. Rg4 Qxd6) 20... Qc6 (20... Qxd6 21. Rxc5 {Dies ist dem Schwarzen nicht
zuträglich.}) 21. Qxc6 bxc6 22. Re7 f6 {Weiß steht en schwerer Kampf um das
Remis bevor. Huebner}) 18... Qa5 $2 (18... Qd8 $2 19. Qb5 Nab6 20. Rxe5+ Kf8
21. Re7 $16) (18... Qc8 $8 19. Nxe5 (19. Qb5 Qc6 20. Qxc6 bxc6 21. Nxe5 Nxe5
22. Rxe5+ Kd7 23. Re7+ Kxd6 24. Rxf7 g6 $44 {Huebner,R, Hertneck,G}) 19... O-O
20. Nf3 $13 {Die weiße Initiative ist vermutlich zwei Bauern wert. Huebner,R} (
20. Nxd7 Qxd7 21. Re7 Qc6 22. Rc7 Qa6 23. Qxa6 bxa6 $10)) 19. Nxe5 O-O-O 20.
Nxf7 Rde8 21. Re7 $1 $18 Rhf8 22. Qe4 Rd8 23. Nxd8 1-0

[Event "Munich SKA"]
[Site "Munich"]
[Date "1992.??.??"]
[Round "7"]
[White "Christiansen, Larry Mark"]
[Black "Hertneck, Gerald"]
[Result "1-0"]
[WhiteElo "2595"]
[BlackElo "2530"]
[Annotator "Hertneck,G"]
[PlyCount "77"]
[EventDate "1992.05.??"]
[EventType "tourn"]
[EventRounds "11"]
[EventCountry "GER"]
[EventCategory "14"]
[SourceTitle "CBM 030"]
[Source "ChessBase"]
[SourceDate "1992.10.01"]
[SourceVersion "1"]
[SourceVersionDate "1992.10.01"]
[SourceQuality "1"]

1. d4 d5 2. c4 c6 3. Nf3 Nf6 4. Nc3 dxc4 5. a4 Bf5 6. Nh4 Bg6 $5 (6... Bc8) 7.
Nxg6 (7. e3 Bd3 $1 $13 (7... e5 $2 8. Bxc4 exd4 9. exd4 Bh5 10. Qb3 $16 {
Salov,V-Nikolic,Pr, Skelleftea 1989})) (7. a5 $5 {Christiansen}) 7... hxg6 8.
e3 (8. e4 e5 9. Be3 Nbd7 10. Bxc4 exd4 11. Bxd4 Bc5 12. Bxc5 Nxc5 13. Qe2 Qc7
14. g3 O-O-O 15. O-O $14 {Shashin,A-Palatnik,S}) 8... e6 (8... e5 $2 9. Bxc4
exd4 10. exd4 $16 {^^, >< f7, b7}) 9. Bxc4 Bb4 10. O-O Nbd7 11. Qe2 Qa5 12. Na2
$6 (12. e4 Qh5 (12... Bxc3 $140 $2 13. bxc3 Qxc3 14. Bb2 Qa5 15. e5 Nd5 16. Ba3
{-> Christiansen}) 13. Qxh5 Rxh5 14. f3 $14) 12... Qxa4 $6 (12... Bd6 $13) 13.
e4 $1 (13. Nxb4 $2 Qxa1 14. Na2 Qb1 15. g4 g5 $17) (13. b3 Qa5 14. Nxb4 $2 Qxa1
15. Bd2 Qa5 16. Nxc6 Qc7 $17) 13... Qa5 (13... Be7 $2 14. Bd2 Qc2 15. Nc3 $18)
(13... Nxe4 $2 14. b3 $1 $18 (14. Qxe4 $2 Bd6 $10)) (13... b5 14. Bd3 $16 {
/\ d5 ->} (14. b3 $6 Qa5 15. Nxb4 $2 Qxa1 16. Bb2 Qa5 17. Nxc6 Qc7 $19)) 14.
Nxb4 Qxb4 $8 (14... Qxa1 $2 15. Na2 Qb1 16. f3 $18) 15. Rd1 $2 (15. b3 b5 (
15... Qd6 $2 16. e5 Qxd4 17. exf6 $1 Qxa1 18. Bb2 Qa5 19. fxg7 Rg8 20. Bxe6 $18
) 16. Ba3 Qa5 (16... Qc3 $2 17. Bb2 Qb4 18. Bd3 $16) 17. Bd3 Qb6 $13 (17... b4
$2 18. Bb2 Qh5 19. Qxh5 Rxh5 20. Rfc1 $16)) 15... Nxe4 $1 16. Bxe6 fxe6 $6 (
16... Ndf6 17. Ba2 O-O {Christiansen}) (16... Qd6 $2 17. Bh3 $18 (17. Bxd7+
$142 $2 Kxd7 18. Qxe4 $2 Qxh2+ 19. Kf1 Rae8 $19)) (16... Qe7 $2 17. Bxd7+ Kxd7
18. d5 $40 Rxh2) (16... Nef6 $1 $15) 17. Qxe4 Kf7 18. Ra3 $1 Nf6 19. Qf3 $44
Rh5 20. Rb3 Qe7 21. Bf4 (21. g4 Rd5 22. g5 $142 $2 Rf5 $17) 21... Rd5 22. Be5
Rh8 23. Re1 Kg8 24. Qg3 Kf7 25. Qf3 Kg8 26. h3 a6 $2 {The decisive mistake} 27.
Bxf6 $1 gxf6 28. Qg4 Kf7 29. Rxe6 Qd7 (29... Qxe6 30. Rxb7+ Qe7 31. Rxe7+ Kxe7
32. Qxg6 $18) 30. Rbe3 Rd6 31. d5 $1 Rxd5 (31... cxd5 32. Rxf6+ Kxf6 33. Qd4+
Kf7 34. Qxh8 $18) 32. Qe4 (32. Qe2 Re5 $5) 32... f5 (32... Re5 $2 33. Rxf6+ $18
) 33. Re7+ Kf6 34. Qb4 $3 Rd1+ 35. Kh2 Qd4 $2 (35... Qd6+ 36. f4 $1 c5 (36...
Qxb4 37. R3e6#) 37. Qc4 $1 (37. Qxc5 $2 Qxf4+ 38. Rg3 Rxh3+ $1 $10) 37... Rd5
38. R3e5 Rd8 39. Qe2 $1 $18) 36. R7e6+ (36. f4 $18) 36... Kg5 37. Qe7+ Kh5 38.
g4+ fxg4 39. R3e5+ 1-0

[Event "Tatran Cup"]
[Site "Stary Smokovec"]
[Date "1991.??.??"]
[Round "3"]
[White "Sokolov, Ivan"]
[Black "Horvath, Csaba"]
[Result "1/2-1/2"]
[WhiteElo "2570"]
[BlackElo "2450"]
[Annotator "Hertneck,G"]
[PlyCount "55"]
[EventDate "1991.10.??"]
[EventType "tourn"]
[EventRounds "9"]
[EventCountry "CSR"]
[EventCategory "10"]
[SourceTitle "CBM 026"]
[Source "ChessBase"]
[SourceDate "1992.02.01"]
[SourceVersion "1"]
[SourceVersionDate "1992.02.01"]
[SourceQuality "1"]

1. d4 d5 2. c4 c6 3. Nf3 Nf6 4. Nc3 dxc4 5. a4 Bf5 6. e3 e6 7. Bxc4 Bb4 8. O-O
O-O 9. Nh4 Nbd7 10. f3 Bg6 11. e4 e5 12. Nxg6 hxg6 13. Be3 Qb6 14. Kh1 Rad8 (
14... a5 15. f4 $1 exd4 16. Bxd4 Bc5 17. Bxf6 $1 Nxf6 18. e5 Qxb2 19. Rc1 Rad8
20. Qf3 $16 {Cebalo,M-Campora,D, Bern 1988, i45/445}) (14... exd4 15. Bxd4 Bc5
16. a5 $1 Qc7 17. f4 { e5 >>}) 15. Ne2 a5 16. Qb3 Qc7 {TN} (16... exd4 17.
Bxd4 Bc5 18. Qxb6 Bxb6 19. Bc3 $14 {Huzman,A-Milov, SU 1989, i48(505)}) 17.
Rac1 exd4 18. Nxd4 Qe5 19. Rfd1 Nh5 $1 20. Ne6 $5 (20. g3 Nxg3+ 21. hxg3 Qxg3
$44) 20... fxe6 21. Bxe6+ Kh7 22. Rxd7 (22. Bxd7 $2 Bd6) 22... Bd6 23. Bg1 Nf4
24. Rxd8 Rxd8 25. Bc4 Nxg2 $1 26. Rd1 Nh4 27. Bf1 Rf8 28. Rd3 1/2-1/2

[Event "San Francisco"]
[Site "San Francisco"]
[Date "1995.??.??"]
[Round "2"]
[White "Christiansen, Larry Mark"]
[Black "Gulko, Boris F"]
[Result "0-1"]
[WhiteElo "2570"]
[BlackElo "2595"]
[Annotator "Hertneck,G"]
[PlyCount "110"]
[EventDate "1995.??.??"]
[EventType "game"]
[EventCountry "ARG"]
[SourceTitle "CBM 046"]
[Source "ChessBase"]
[SourceDate "1995.06.01"]
[SourceVersion "1"]
[SourceVersionDate "1995.06.01"]
[SourceQuality "1"]

1. d4 d5 2. c4 c6 3. Nc3 Nf6 4. Nf3 dxc4 5. a4 Bf5 6. e3 e6 7. Bxc4 Bb4 8. O-O
Nbd7 9. Ne2 {The latest fashion, but I don't understand it - what is the N
doing on g3 ?} O-O 10. Ng3 Bg6 11. Nh4 c5 12. Nxg6 hxg6 13. Bb3 (13. dxc5 Ne5 (
13... Nxc5 $10) 14. Qe2 Nxc4 15. Qxc4 Qa5 16. b3 Rac8 $15 {Piket,J-Shirov,A/
Aruba/1995}) 13... Rc8 14. d5 $6 (14. Bd2 Bxd2 15. Qxd2 cxd4 16. Qxd4 Nc5 17.
Bc2 $13) 14... exd5 15. Bxd5 Nxd5 16. Qxd5 Qc7 $1 17. e4 Rfd8 18. Bg5 Nf6 19.
Qc4 (19. Qb3 $1 $13) 19... Qe5 $15 {>< b2} 20. Bxf6 gxf6 21. Rad1 $2 (21. b3
Rd4 22. Qb5) 21... Qxb2 $17 22. h4 Rd4 23. Qb5 Bc3 24. Ne2 Qxb5 25. axb5 Rxd1
26. Rxd1 Ba5 27. Rd7 Rc7 28. Rxc7 Bxc7 29. Kf1 f5 30. exf5 gxf5 31. Nc3 Kg7 32.
Ke2 Be5 33. Nd5 a5 34. Kd3 Kg6 35. Kc4 Bd4 36. f3 Kh5 37. Ne7 f4 38. Nf5 a4 39.
Nd6 Kxh4 40. Nxb7 Kg3 41. Nd6 Kxg2 42. b6 a3 43. b7 a2 44. b8=Q a1=Q 45. Kd5
Qa2+ 46. Nc4 Kxf3 47. Qc8 Qg2 48. Nd6 Ke3+ 49. Kc4 Qa2+ 50. Kb5 Qb3+ 51. Ka5
Qe6 52. Qf8 f3 53. Nxf7 f2 54. Ng5 Qa2+ 55. Kb5 Qb1+ 0-1

[Event "Munich SKA"]
[Site "Munich"]
[Date "1992.??.??"]
[Round "5"]
[White "Huebner, Robert"]
[Black "Hertneck, Gerald"]
[Result "1-0"]
[WhiteElo "2615"]
[BlackElo "2530"]
[Annotator "Hertneck,G"]
[PlyCount "59"]
[EventDate "1992.05.??"]
[EventType "tourn"]
[EventRounds "11"]
[EventCountry "GER"]
[EventCategory "14"]
[SourceTitle "CBM 030"]
[Source "ChessBase"]
[SourceDate "1992.10.01"]
[SourceVersion "1"]
[SourceVersionDate "1992.10.01"]
[SourceQuality "1"]

{Dau(tov)  Her(tneck) Fta(cnik) Hüb(ner) fr(it)z  Yus(upov)} 1. d4 d5 2. Nf3
Nf6 3. c4 c6 4. Nc3 dxc4 5. a4 Bf5 6. e3 e6 7. Bxc4 Bb4 8. O-O Nbd7 9. Qb3 a5
10. Nh4 Bg6 11. g3 Qb6 (11... Nb6 12. Be2 O-O (12... Bh5 13. f3) 13. Nxg6 hxg6
14. Rd1 Qc7 15. Na2 Bd6 16. Bd2 e5 17. dxe5 Bxe5 18. Be1 Nbd7 19. Rac1 $14 {
Rashkovsky-Vasiukov, Moscow-ch 1982}) (11... Bh5 12. f3 O-O 13. e4 Nb6 14. Be3
Nxc4 15. Qxc4 Nd7 16. Ng2 e5 17. Rad1 Qe7 18. Nh4 Bg6 19. Nxg6 hxg6 $10 {ECO})
12. Nxg6 {?! Hüb} (12. f3 {/\ Rd1, Hüb}) 12... hxg6 13. Rd1 (13. Na2 Bd6 14.
Qxb6 Nxb6 15. Bb3 $10 {Dau}) 13... O-O-O 14. Bf1 (14. h4 Bxc3 (14... Qc7 $2 15.
e4 Bxc3 16. bxc3 Nxe4 17. Bf4 Nd6 18. Bxe6 $16 {Karolyi,Tjr-Franke,H, Budapest
1988}) 15. bxc3 (15. Qxc3 g5 16. hxg5 Ne4 17. Qc2 Nxg5 {Yus, Her}) 15... Qxb3 (
15... g5 16. hxg5 Ne4 {Schwarz}) 16. Bxb3 Ne4 17. c4 (17. Bb2 g5 18. Bc2 f5 19.
Bxe4 fxe4 20. hxg5 Rh5 21. Kg2) 17... g5 18. f3 $2 Nxg3 19. hxg5 Rh5 20. Kf2
Nh1+ {Yus, Her}) (14. Na2 Ng4 $5 (14... Bd6 15. Qxb6 Nxb6 $10 {ECO}) 15. Nxb4
axb4 (15... Qxb4 16. Qxb4 axb4 17. h4 $14 {ECO}) 16. a5 Qc7 $13 {ECO}) 14...
Rh5 {N} (14... g5 15. Na2 (15. h3 $6 g4 16. hxg4 (16. h4 Rh5 {/\ Rdh8, g5 ->})
16... Nxg4 17. Bg2 Rh5 $17 {Schmidt,Wl-Meduna, Trnava 1984 (ECO)}) 15... Bd6 (
15... g4 16. Nxb4 Nd5 17. Bd2 Nxb4 18. Bxb4 Qxb4 19. Qxb4 axb4 20. a5 $14 {
Fta (ECO)}) 16. Qxb6 Nxb6 17. b3 (17. Bd2 Nxa4 18. Bxa5 Bc7 $10 {ECO}) 17...
Nbd5 18. Bd2 b6 19. Bg2 (19. f3 Nb4 $13 {ECO}) 19... Ne7 20. e4 $36 {
Gustafsson-Gillam, cr 1991}) 15. Na2 $2 (15. Bg2 {/\ e4} Rdh8 16. h3 g5 (16...
Rxh3 17. Bxh3 Rxh3 18. Kg2 {/\ Rh1, Hüb}) (16... Qd8 17. e4 Rxh3 18. Bxh3 Rxh3
19. Na2 {/\ Qf3, /\ Nb4, Hüb} Nxe4 $44 {Yus,Her}) 17. e4 (17. g4 Rxh3 18. Bxh3
Rxh3 19. Kg2 Rh4 $36 20. f3 Qc7 21. Rh1 Rxh1 22. Kxh1 Qg3 {Hüb}) (17. Ne2 $5 {
Hüb}) 17... g4 18. h4 Nh7 19. Ne2 (19. Na2 Be7 (19... g5 20. hxg5 Nxg5 21. Bxg5
Rxg5 22. Nxb4 axb4 23. Rac1 $14 {>< b4, Hüb}) 20. Qxb6 Nxb6 21. Nc3 g5 22. hxg5
Bxg5 $15 {Hüb}) 19... g5 20. hxg5 Nxg5 21. Nf4 (21. Bxg5 $10 {Hüb}) 21... R5h6
(21... Rh2 22. Ng6 {Hüb}) 22. Ne2 $13 {Hüb}) (15. h3 g5 (15... Rdh8 16. Na2 {
Hüb}) 16. g4 Rh4 {Yus, Her}) (15. h4 g5 16. hxg5 Rxg5 17. e4 Rh5 18. Bg2 Ng4
19. f3 (19. Na2 $2 Nxf2) 19... Nc5 20. Qc2 (20. Qc4 Ne5) 20... Nb3 {Yus, Her} (
20... Rxd4 21. Rxd4 Nb3 22. fxg4 Qxd4+ 23. Qf2)) 15... Ng4 $1 $132 {!? Dau ?!
Fta} (15... Bd6 16. Qxb6 Nxb6 17. b3 Rdh8 18. h3 (18. h4 $2 g5 19. hxg5 (19. e4
Nxe4 20. Bg2 Nxf2 21. Kxf2 gxh4 22. gxh4 $14 {frz}) 19... Rh1+ 20. Kg2 Ne4 $40
{Dau}) 18... g5 19. g4 (19. Bg2 g4 20. hxg4 Nxg4 21. Bd2 $14 {Dau}) 19... Rh4
20. f3 (20. Bd2 Nxg4 $1 {Dau}) 20... Nbd5 21. e4 $140 Nf4 22. e5 Nxh3+ 23. Bxh3
Rxh3 24. Rf1 Rh1+ 25. Kf2 R8h2+ 26. Ke1 Bc7 $17 {Dau}) 16. Nxb4 $8 (16. h3 $2
Nxf2 $19) (16. Be2 $2 Ndf6 17. h4 Nxf2 18. Bxh5 gxh5 19. Rf1 N2e4 $17 {Her, -+
Hüb}) 16... Rxh2 (16... Qxb4 17. Qxb4 axb4 18. h3 Ngf6 19. Bd2 $16 {Fta}) 17.
Bg2 (17. Be2 Ndf6 {Fta}) 17... Rdh8 (17... Qxb4 $2 18. Qxb4 axb4 19. f3 $18 {
Fta}) 18. Bd2 $8 axb4 {? Dau} (18... Rxg2+ 19. Kxg2 Rh2+ 20. Kg1 (20. Kf3 $2
Rxf2+ 21. Kxg4 Nf6+ 22. Kh3 Qd8 $19 {Dau}) 20... Rxf2 (20... Qd8 21. Nxc6 (21.
Nd3 Qh8 22. Kf1 Qh5 {/\ Nf2, Hüb} 23. e4 (23. Bc3 Nxf2 24. Kg1 Nxd1 $19 {Her})
23... Ndf6 (23... Rh1+ 24. Kg2 Qh3+ (24... Rh2+ 25. Kf1 $10 {Hüb}) 25. Kf3 Nh2+
26. Ke3 Qg4 (26... Ng4+ 27. Ke2 {Hüb}) 27. Bc3 {Yus, Her}) 24. Re1 {Hüb} Rh1+
25. Kg2 Rh2+ (25... Qh3+ 26. Kf3 Nh2+ 27. Ke3 Qg2 (27... Qg4 28. Bc3 Qxe4+ 29.
Kd2 Nf3+ 30. Kc2 Nxe1+ 31. Rxe1 Rxe1 32. Bxe1 $18 {frz}) 28. Bxa5 (28. Bc3
Qxe4+ (28... Nxe4 29. Ne5 $18) 29. Kd2 Nf3+ 30. Kc2 $16 {Yus}) 28... Nxe4 (
28... Qxe4+ 29. Kd2 Nf3+ 30. Kd1 Nxd4 $40 {Yus}) 29. Ne5 $18) 26. Kf1 $10 {
Yus, Her}) (21. e4 Qh8 22. Qf3 Rxf2 (22... Nde5 23. dxe5 Nxe5 24. Qg2 Rxg2+ 25.
Kxg2 axb4 26. Bxb4 $13 {Hüb}) 23. Qxf2 (23. Qh1 Rh2 24. Qf3 Nde5 $19 {Hüb})
23... Nxf2 24. Kxf2 Qh2+ 25. Kf3 axb4 26. Bxb4 Qxb2 $17 {Hüb}) 21... Qh8 {
/\ 22...Rh1 23.Kg2 Qh2 24.Kf3 Qf2 25.Ke4 Qf5#, Hüb} 22. Ne7+ Kb8 (22... Kd8 23.
Qxb7 Kxe7 24. Rf1 $18 {Her} (24. Bxa5 Rxf2 25. Bb4+ Kf6 26. Qh1 $18 {frz})) 23.
Qc2 $1 (23. Nc6+ Kc7 (23... Ka8 24. Qb5 {Hüb} Rh1+ 25. Kg2 Qh2+ 26. Kf3 Qxf2+
27. Ke4 Qf5+ 28. Qxf5 gxf5+ 29. Kd3 Nf2+ 30. Kc2 Rxd1 31. Rxd1 Nxd1 32. Nd8 $10
{Her}) 24. Bxa5+ b6 $19 {Hüb}) 23... Nb6 (23... Rh1+ 24. Kg2 Qh2+ 25. Kf3 Qxf2+
26. Ke4 Qg2+ 27. Kd3 Nf2+ 28. Kc3 $16 {Yus, Her}) (23... Rxf2 24. Qc8+ {Hüb}) (
23... Qh3 $2 24. Qc8+ Ka7 25. Nc6+ {= Hüb} bxc6 26. Qc7+ Ka6 (26... Ka8 27.
Qxc6+ Kb8 28. Rac1 $18 {Her}) 27. Qxc6+ (27. Qc8+ Kb6 28. Bxa5+) 27... Nb6 28.
Bxa5 $1 $18 {Her}) 24. Nc6+ Ka8 25. Qc5 Rh1+ 26. Kg2 Qh2+ 27. Kf3 Qxf2+ 28. Ke4
Qf5+ 29. Qxf5 gxf5+ 30. Kf3 Rh2 31. Be1 bxc6 32. Rd2 $13) (20... axb4 21. f3
Qd8 22. fxg4 Qh8 23. e4 Re2 (23... Qh3 24. Qf3 Nf6 25. Bf4 {/\ Rd2 +-, Hüb}) (
23... Rh1+ 24. Kf2 Qh2+ 25. Kf3 $18 {Hüb}) 24. Qf3 Qh2+ 25. Kf1 Rxd2 26. Rxd2
Qxd2 {Hüb} 27. Rd1 (27. Qf2 Qd3+ {Hüb}) 27... Qxb2 28. Qxf7 b3 {Hüb}) 21. Qd3 (
21. Be1 $2 Re2 $1 (21... Rf3 22. Rd3 {/\ Kg2, /\ e4, Hüb} (22. Qc4 axb4 (22...
Nxe3 23. Qe2 Nxd1 24. Qxf3 Qxd4+ 25. Kh1 $16) 23. Qe2 Nde5 24. dxe5 Rxe3 25.
Bf2 Rxg3+ 26. Kf1 $18 {Dau})) (21... Rh2 22. Rd2 Rxd2 (22... Rh3 23. Qd1 Nxe3
24. Qf3 $18 {Fta}) 23. Bxd2 axb4 24. Rf1 (24. Qxb4 Qc7 (24... Qxb4 25. Bxb4
Nxe3 $13 {Her}) 25. Be1 $16 {Fta}) 24... Ndf6 25. Rf3 $13 {Dau}) 22. Rd3 (22.
Qc4 Rg2+ $1 23. Kh1 Qd8 (23... Nde5 $2 24. Qf1 Rh2+ 25. Kg1 Nxe3 26. Qf4 N5g4
27. Rd2 $16 {frz}) 24. Nc2 (24. Ra3 Rxb2 $19 {Her}) 24... Rh2+ 25. Kg1 Qh8 26.
Rd2 Rxd2 $19 {Her}) (22. Rd2 Rxe3 23. Qd1 Nde5 $5 {Her} (23... Qxb4 24. Rg2
Rxe1+ 25. Qxe1 Qxd4+ 26. Kh1 $13 {frz}) 24. Nc2 $8 Nf3+ 25. Kg2 (25. Kh1 Rb3 $1
$40 {Her}) 25... Nxd2 $13 {frz}) (22. Qd3 Rxe3 23. Qf1 axb4 24. Qxf7 Rxe1+ 25.
Rxe1 Qxd4+ 26. Kh1 Qxb2 27. Qg8+ Kc7 28. Qh7 $15 {frz}) 22... axb4 $17 {Her})
21... axb4 22. Rf1 (22. a5 $2 Qd8 {Her}) 22... Rxf1+ (22... Rh2 23. Rxf7 Qa5
24. Qe4 (24. Qxg6 Qd5 {Her}) 24... Rxd2 25. Qxg4 Qd5 26. Qf3 Qxf3 27. Rxf3 $14
{frz}) 23. Rxf1 Ndf6 24. Rf3 $13 {Dau} e5 25. Qc4 exd4 26. Qxd4 c5 {frz}) 19.
f3 $8 (19. Bxb4 $2 Rxg2+ 20. Kxg2 Rh2+ 21. Kg1 Qd8 $40 {/\ Qd8, Her}) (19. Qxb4
$2 Qa6 20. Re1 Qd3 $40 {Her}) (19. Be1 Qa5 $40 {/\ Qh5, Her}) 19... Ngf6 $6 (
19... Qc7 20. Be1) (19... Rxg2+ 20. Kxg2 Rh2+ 21. Kg1 Qd8 {-18...Rg2} (21...
Qa6 22. Re1 Rxd2 23. fxg4 c5 24. Rad1 Rxd1 25. Qxd1 $16 {Her})) 20. Qxb4 (20.
Be1 {frz}) 20... Qa6 {? Hüb} (20... Qc7 21. Be1 g5 (21... Nd5 22. Qb3 $16 {Fta}
) 22. a5 Nb8 23. Qb3 (23. e4 g4 24. f4 Rxg2+ 25. Kxg2 Nxe4 $17 {Hüb}) (23. Ra3
g4 24. f4 Nd5 {/\ f5 -/+ Hüb}) 23... Na6 $13 {Hüb}) (20... Qxb4 21. Bxb4 Nd5
22. Bd2 $16 {Fta}) 21. Re1 {+/- Dau, Hüb} (21. Be1 g5 {Her} (21... Qe2 22. Bf2
{frz}) 22. Rd2 (22. g4 $140 Qe2 23. Bf2 R8h3 $18 {/\ Rg2, Her}) 22... e5 $132
23. Rc1 $140 e4 24. fxe4 Rh1+ $1 25. Kf2 (25. Bxh1 Rxh1+ 26. Kxh1 Qf1+ 27. Kh2
Ng4#) 25... Ng4+ 26. Kf3 Nh2+ 27. Kf2 Rf1+ 28. Bxf1 Qxf1# {Her}) 21... g5 $2 {
/\ Qd3-h7} (21... Qd3 $142 {/\ Qf5, /\ Nd5, Hüb} 22. e4 (22. g4 g5 {/\ Qh7} (
22... e5 23. Ra3 $16 {Fta}) 23. e4 e5 $13 {Her}) (22. Ra3 Qf5 23. Rb3 Rxg2+ 24.
Kxg2 Qh3+ 25. Kf2 Qh2+ 26. Kf1 b6 $44 {frz}) 22... e5 $1 (22... Rxg2+ 23. Kxg2
Rh2+ 24. Kxh2 Qxf3 25. Rf1 Qe2+ 26. Kh3 $18 {Hüb}) (22... Rh1+ 23. Kf2 {Hüb})
23. dxe5 (23. Be3 Nxe4 $1 $17 {frz}) 23... Nxe5 24. Ra3 {+/- Fta} (24. Re3 Qd7
$40) 24... Nxf3+ 25. Bxf3 Qxd2 $17 {frz}) 22. e4 $14 {Yus, Her} g4 23. f4 R8h3
$2 (23... Ne8 $142 {/\ Nc7, f5 +/= Yus} 24. d5 exd5 25. exd5 c5 $132 {/\ Qh6,
Yus}) (23... Nxe4 24. Rxe4 (24. Bxe4 Nf6 25. Bg2 Qd3 26. Ra3 Qh7 27. Rb3 {
-24.Re4}) 24... Qd3 25. Re3 $8 Qh7 {/\ Rh1 >< Ra1, Hüb} 26. Rae1 Nf6 27. Rb3
Rxg2+ 28. Kxg2 Qh2+ 29. Kf1 Qh1+ 30. Ke2 Qe4+ 31. Kd1 Qb1+ 32. Bc1 $18 {Hüb}) (
23... R2h5 24. Ra3 $16 {Hüb} (24. Rac1 $16 {Dau})) (23... Qd3 24. Ra3 Qc2 25.
Qc3 $16 {Fta}) 24. Ra3 $16 {Her} (24. Bxh3 Rxh3 25. Qc3 $1 (25. Ra3 $2 Nxe4 $1
(25... Nh5 {Fta}) 26. Rxe4 Rh1+ 27. Kxh1 Qf1+ 28. Kh2 Qf2+ 29. Kh1 Qf1+ $10 {
Dau}) (25. Re3 $2 Nxe4 26. Rxe4 Qd3 27. Re3 Rxg3+ 28. Kf2 Rf3+ $10 {Her}) 25...
Nh5 26. Re3 Ndf6 27. Be1 {Dau} Nxf4 28. gxf4 Rh1+ 29. Kxh1 Qf1+ 30. Kh2 g3+ 31.
Rxg3 $18 {Her}) 24... Nh5 (24... Rh8 {Hüb}) 25. Bxh3 Rxh3 26. Kg2 {+- Dau} f5
$2 (26... g6 {Hüb}) 27. exf5 $18 {Hüb, Her} exf5 (27... c5 28. dxc5 Qc6+ 29.
Qe4 {Hüb}) 28. Re8+ Kc7 29. Qe7 Qc4 (29... Nhf6 30. Qd8+ Kd6 31. Bb4+ Kd5 32.
Re5+ Kc4 (32... Kxd4 33. Bc5+ Kc4 34. Rc3#) 33. Qe7 {Hüb}) (29... Rh1 30. Qd8+
Kd6 31. Bb4+ $18 {Fta}) 30. Qd8+ (30. Qd8+ Kd6 31. Bb4+ Qxb4 (31... c5 32.
Bxc5+) 32. Qe7+ {Hüb 54/367}) 1-0